000 00506cam a2200145 4500500
005 20260329001740.0
041 _afre
042 _adc
100 1 0 _aSchumacher, Julio
_eauthor
245 0 0 _aEstelle Ferrarese, Une philosophie des sanglots. Rivages, «Bibliothèque Rivages», 2025, 300 páginas, 19 €.
260 _c2025.
500 _a8
786 0 _nÉtudes | Jui | 6 | 2025-05-21 | p. 133-133
856 4 1 _uhttps://shs.cairn.info/revista-etudes-2025-6-page-133?lang=es&redirect-ssocas=7080
999 _c1808247
_d1808247